000 00709nam a2200229Ia 4500
008 191130s2007##################000#0#eng##
020 _a9781842644133
040 _aACL
_cACL
082 _a310.25 EUR.1
245 _aWorld directory of non-official statistical sources
250 _a5th ed
260 _aLondon
_bEuromonitor International
_c2007
300 _av. ; 30 cm.
650 _aStatistical services --Directories
650 _aStatistics --Bibliography
650 _aStatistics --Directory
650 _aStatistics --Information services --Directories
650 _aStatistics --Periodicals
990 _a011f9da3ac10000c64cb13ffad8442d7
991 _a260422
999 _c411925
_d411925